1979 NFL Standings - Statistics

General Stats
  • This quiz has been taken 13 times
  • The average score is 15 of 28
Answer Stats
Rank (seed) Record NFL Team % Correct
NFC West Champ (3) 9-7 Los Angeles Rams
80%
AFC East Champ (3) 10-6 Miami Dolphins
80%
AFC Central Champ (2) 12-4 Pittsburgh Steelers
80%
AFC West Champ (1) 12-4 San Diego Chargers
80%
NFC East Champ (1) 11-5 Dallas Cowboys
70%
AFC Wild Card (5) 10-6 Denver Broncos
60%
AFC Wild Card (4) 11-5 Houston Oilers
60%
AFC (11) Missed Playoffs 7-9 Kansas City Chiefs
60%
AFC (6) Missed Playoffs 9-7 New England Patriots
60%
AFC (8) Missed Playoffs 9-7 Oakland Raiders
60%
NFC Wild Card (4) 11-5 Philadelphia Eagles
60%
NFC Central Champ (2) 10-6 Tampa Bay Buccaneers
60%
AFC (13) Missed Playoffs 5-11 Baltimore Colts
50%
AFC (9) Missed Playoffs 9-7 Cleveland Browns
50%
AFC (10) Missed Playoffs 8-8 New York Jets
50%
NFC (13) Missed Playoffs 2-14 San Francisco 49ers
50%
AFC (7) Missed Playoffs 9-7 Seattle Seahawks
50%
AFC (12) Missed Playoffs 7-9 Buffalo Bills
40%
NFC Wild Card (5) 10-6 Chicago Bears
40%
AFC (14) Missed Playoffs 4-12 Cincinnati Bengals
40%
NFC (14) Missed Playoffs 2-14 Detroit Lions
40%
NFC (12) Missed Playoffs 5-11 Green Bay Packers
40%
NFC (9) Missed Playoffs 6-10 New York Giants
40%
NFC (11) Missed Playoffs 5-11 St. Louis Cardinals
40%
NFC (6) Missed Playoffs 10-6 Washington Redskins
40%
NFC (10) Missed Playoffs 6-10 Atlanta Falcons
30%
NFC (8) Missed Playoffs 7-9 Minnesota Vikings
30%
NFC (7) Missed Playoffs 8-8 New Orleans Saints
30%
No matching quizzes found
Score Distribution
Percent of People with Each Score
Percentile by Number Answered
Your Score History
You have not taken this quiz